Costing the earth
| Main Author: | |
|---|---|
| Format: | Book |
| Published: |
London
The Economist Books
c1991
|
| Subjects: |
MARC
| LEADER | 00000cam a2200000 7i4500 | ||
|---|---|---|---|
| 001 | 0000000229 | ||
| 008 | 021118s1991 | ||
| 020 | |a 0091749182 | ||
| 090 | 0 | 0 | |a TD194.4 |b .C3 |
| 100 | 0 | |a Cairncross, Frances |e author | |
| 245 | 0 | 0 | |a Costing the earth |c Frances Cairncross |
| 260 | 2 | |a London |b The Economist Books |c c1991 | |
| 300 | |a 256 p. ; |c 24 cm. | ||
| 650 | 0 | |a Environmental engineering | |
| 650 | 0 | |a Environmental impact analysis | |
| 999 | |a 1000035512 |b Book |c OPEN SHELF (30 DAYS) |e Gong Badak Campus | ||